Countries Containing Most Vegetarians - Statistics

General Stats
  • This quiz has been taken 53 times
  • The average score is 4 of 10
Answer Stats
# Country % Correct
7 United States
96%
6 United Kingdom
91%
1 India
83%
2 Italy
52%
5 Turkey
30%
10 Israel
26%
8 Singapore
17%
4 Lebanon
11%
3 Ethiopia
9%
9 Jamaica
2%
No matching quizzes found
Score Distribution
Percent of People with Each Score
Percentile by Number Answered
Your Score History
You have not taken this quiz